|
|
|
|
| LEADER |
00000nam a2200000 a 4500 |
| 001 |
vtls009347536 |
| 003 |
SK-MaSNL |
| 005 |
20260301081827.0 |
| 008 |
200612s2008 hu oal d n 000 0dslo |
| 015 |
|
|
|a SNBZSA2009-00056
|
| 015 |
|
|
|a SNBA2009/03-01181
|
| 020 |
|
|
|a 9788089198634
|q (viaz.)
|z 8089198474
|
| 035 |
|
|
|a urn:nbn:sk:snk-am0094a2
|
| 035 |
|
|
|a urn:nbn:sk:snk-am3hbbj
|
| 035 |
|
|
|a A3CA3F50-7816-4D07-AF6E-A1CA7DAA3104
|
| 040 |
|
|
|a SNK
|b slo
|c SNK
|e AACR2
|
| 041 |
0 |
|
|a slo
|b eng
|b ger
|b hun
|
| 043 |
|
|
|a e-hu---
|
| 044 |
|
|
|a hu
|c HU
|a xo
|c SK
|
| 072 |
|
7 |
|a 94(430/439)
|x Dejiny krajín strednej Európy
|2 konspekt
|
| 080 |
|
|
|a 323.15(=162.4)
|x (439)
|2 2001
|
| 080 |
|
|
|a (048.8)
|2 2001
|
| 080 |
|
|
|a 39(=162.4)
|2 2001
|
| 080 |
|
|
|a 94(439)
|x (=162.4)
|2 2001
|
| 080 |
|
|
|a 908(439)
|2 2001
|
| 245 |
0 |
0 |
|a Pitvaroš a Pitvarošania
|c [navrhovatelia a zostavovatelia: Michal Kožuch, Juraj Majo ; autori Štefan Maglocký ... [et al.]]
|
| 250 |
|
|
|a 2. opr. vyd.
|
| 260 |
|
|
|a Pitvaroš
|b Slovenská samospráva
|a [Senec
|b Sinex]
|c 2008
|
| 300 |
|
|
|a 441 s.
|b fotogr., ilustr., noty
|c 25 cm
|
| 366 |
|
|
|e 650 výt.
|
| 500 |
|
|
|a Biogr. údaje
|
| 504 |
|
|
|a Bibliogr. s. 411-415
|
| 546 |
|
|
|a Res. angl., maď., nem.
|
| 650 |
0 |
7 |
|a národnostné menšiny
|2 SNKPH
|9 2669
|
| 650 |
0 |
7 |
|a osídľovanie
|2 SNKPH
|9 31252
|
| 650 |
0 |
7 |
|a Slováci
|z Maďarsko
|z Pitvaroš (Maďarsko)
|2 snkph
|9 316389
|
| 651 |
|
7 |
|a Pitvaroš (Maďarsko)
|2 SNKPH
|9 98452
|
| 655 |
|
7 |
|a monografie
|2 SNKPH
|9 70139
|
| 700 |
1 |
|
|a Kožuch, Michal,
|d 1979-
|4 com
|9 117574
|
| 700 |
1 |
|
|a Majo, Juraj,
|d 1981-
|4 com
|9 117575
|
| 700 |
1 |
|
|a Maglocký, Štefan,
|d 1937-
|4 aut
|9 37069
|
| 919 |
|
|
|a 978-80-89198-63-4
|
| 958 |
|
|
|a ZS
|
| 958 |
|
|
|a HU
|
| 958 |
|
|
|a NM
|
| 958 |
|
|
|a NB
|
| 958 |
|
|
|a OND
|
| 968 |
|
|
|d 32
|
| 999 |
|
|
|c 656939
|d 658869
|
| 952 |
|
|
|a SNK
|b SNK
|y PREZ
|7 0
|p 17A0601939
|o snkSC 133314
|i snk2008/19594
|8 0
|0 0
|1 0
|4 0
|d 2008-10-14
|f 1
|l 0
|r 2025-06-24 00:00:00
|w 2026-02-23
|
| 952 |
|
|
|a SNK
|b SNK
|y VYP
|7 0
|p 17A0601938
|o snkSC 133314 D1
|i snk2008/19595
|8 0
|0 0
|1 0
|4 0
|d 2008-10-14
|l 0
|r 2026-02-23 18:41:21
|w 2026-02-23
|